Normal view
MARC view
- Alegría, Paula
Entry Nombre Personal
001 - NUMERO DE CONTROL
- campo de control: 53453
003 - IDENTIFICADOR DE NUMERO DE CONTROL
- campo de control: DLC
005 - FECHA Y HORA DE LA ÜLTIMA TRANSACCIÓN
- campo de control: 20240906090955.0
008 - DATOS DE LONGITUD FIJA
- campo de control de longitud fija: 240906|| aca||aabn | aaa d
010 ## - NÚMERO DE CONTROL DE LA BIBLIOTECA DEL CONGRESO
- Número de control LC: n 88051500
035 ## - NUMERO DE CONTROL
- Número de control: (OCoLC)oca02299096
040 ## - FUENTE DE CATALOGACIÓN
- Agencia original de catalogación: PPiU
- Lenguaje de catalogación: spa
- Agencia de transcripción: DLC
- Agencia que lo modifica: OCoLC
- Agencia que lo modifica: MX-MxUPN
100 1# - ENCABEZAMIENTO - NOMBRE PERSONAL
- Nombre personal: Alegría, Paula
372 ## - CAMPO DE ACTIVIDAD
- Field of activity: Historia
- Field of activity: Educación
373 ## - GRUPO ASOCIADO
- Associated group: Universidad Nacional Autónoma de México
- Associated group: Sociedad Méxicana de Geografía y Estadísticas
374 ## - OCUPACIÓN
- Occupation: Catedrática
670 ## - FUENTE EN LA QUE SE LOCALIZARON DATOS
- Cita de la fuente: Autoridades LC, 06 septiembre 2024 :
- Información localizada: (Alegría, Paula)
- Uniform Resource Identifier: https://lccn.loc.gov/n88051500
670 ## - FUENTE EN LA QUE SE LOCALIZARON DATOS
- Cita de la fuente: La educación en México antes y después de la conquista, 1936 :
- Información localizada: portada (Maestra en ciencias históricas y ciencias en la educación, Universidad Nacional Autónoma de México. Catedrática de la Facultad de Filosofía y Estudios Superiores y Miembro de la Sociedad Méxicana de Geografía y Estadísticas)
902 ## - CATALOGADOR
- Catalogador: MaríaRobles/060924
